[Event "Lakitelek Magyarok op"]
[Site "Lakitelek"]
[Date "2011.08.10"]
[Round "6"]
[White "Varjas, Sandor"]
[Black "Molnar, Erno"]
[Result "1-0"]
[WhiteElo "2060"]
[BlackElo "1760"]
[PlyCount "81"]
[EventDate "2011.08.06"]
[EventType "swiss"]
[EventRounds "9"]
[EventCountry "HUN"]
[SourceTitle "CBM 144 Extra"]
[Source "ChessBase"]
[SourceDate "2011.10.28"]
[SourceVersion "1"]
[SourceVersionDate "2011.10.28"]
[SourceQuality "1"]

1. e4 c5 2. g3 g6 3. Bg2 Bg7 4. Ne2 Nc6 5. 0-0 e6 6. c3 Qb6 7. d3 d6 8. Nd2 Nge7 9. Nc4 Qc7 10. Bf4 e5 11. Bd2 Be6 12. Ne3 0-0 13. f4 f5 14. exf5 Bxf5 15. Nxf5 Nxf5 16. Rf2 Kh8 17. Kh1 Rf7 18. Qf1 Raf8 19. Bd5 Rf6 20. g4 Nfe7 21. g5 Rf5 22. Be6 Qb6 23. Rb1 Qa6 24. Ng3 exf4 25. Nxf5 Nxf5 26. Bxf5 Rxf5 27. Rxf4 Rxf4 28. Bxf4 Qxa2 29. Re1 Ne5 30. Bxe5 Qd5+ 31. Qg2 Qxg2+ 32. Kxg2 Bxe5 33. h3 Kg7 34. Kf3 h6 35. gxh6+ Kxh6 36. Ke4 Kh5 37. d4 cxd4 38. cxd4 Bg3 39. Rg1 Kh4 40. Kf3 Bh2 41. Rxg6 1-0

[Event "Battle of Senta op-B 15th"]
[Site "Senta"]
[Date "2011.07.22"]
[Round "8"]
[White "Tadic, Nikola"]
[Black "Varjas, Sandor"]
[Result "1/2-1/2"]
[WhiteElo "1959"]
[BlackElo "2060"]
[PlyCount "93"]
[EventDate "2011.07.16"]
[EventType "swiss"]
[EventRounds "9"]
[EventCountry "SRB"]
[SourceTitle "EXT 2019"]
[Source "ChessBase"]
[SourceDate "2018.10.10"]
[SourceVersion "1"]
[SourceVersionDate "2018.10.10"]
[SourceQuality "1"]

1. e4 c5 2. Nc3 Nc6 3. f4 e6 4. Nf3 g6 5. Bb5 Bg7 6. d3 Nge7 7. Be3 Nd4 8. e5 Nef5 9. Bd2 a6 10. Ba4 b5 11. Bb3 d6 12. Nxd4 cxd4 13. Ne4 dxe5 14. 0-0 0-0 15. g4 Ne3 16. Bxe3 dxe3 17. fxe5 Bxe5 18. c3 f5 19. Nc5 Qd6 20. Qf3 Qxc5 21. d4 Bxh2+ 22. Kxh2 Qd6+ 23. Kg1 e2 24. Qxe2 Qg3+ 25. Qg2 Qxg2+ 26. Kxg2 fxg4 27. Rxf8+ Kxf8 28. Kg3 h5 29. Re1 Ra7 30. Bxe6 Re7 31. Rf1+ Kg7 32. Bxc8 Re2 33. Rd1 Kh6 34. d5 Kg5 35. Bxg4 hxg4 36. d6 Re3+ 37. Kf2 Re8 38. d7 Rd8 39. Kg3 Kf5 40. Rd6 Ke5 41. Rxa6 Rxd7 42. Kxg4 Rd2 43. b3 Rg2+ 44. Kf3 Rc2 45. Rc6 Kd5 46. Rxg6 Rxc3+ 47. Kf4 1/2-1/2

[Event "Senta op-B 11th"]
[Site "Senta"]
[Date "2007.07.22"]
[Round "4"]
[White "Toth, Kazmer"]
[Black "Varjas, Sandor"]
[Result "0-1"]
[WhiteElo "2036"]
[BlackElo "1987"]
[PlyCount "58"]
[EventDate "2007.07.20"]
[EventType "swiss"]
[EventRounds "9"]
[EventCountry "SRB"]
[SourceTitle "EXT 2023"]
[Source "ChessBase"]
[SourceDate "2022.10.05"]
[SourceVersion "1"]
[SourceVersionDate "2022.10.05"]
[SourceQuality "1"]

1. Nf3 Nf6 2. g3 d5 3. Bg2 e6 4. b3 Be7 5. Bb2 c5 6. d4 Nc6 7. c3 0-0 8. 0-0 b6 9. Nbd2 Bb7 10. e3 Rc8 11. Rc1 h6 12. Re1 Qd7 13. Ne5 Qc7 14. Nxc6 Bxc6 15. Rc2 Qd7 16. Nf3 Bb7 17. Qe2 Rfd8 18. Rec1 Qe8 19. Ne5 Nd7 20. f4 Nxe5 21. fxe5 Bg5 22. h4 Be7 23. Rf1 f6 24. exf6 Bxf6 25. Qg4 h5 26. Qd1 Qg6 27. Kh2 cxd4 28. Rxf6 Qxf6 29. Rf2 Qxf2 0-1